000 00385 a2200121 4500
001 ART_2867
005 20260410161710.0
008 260409a
245 1 0 _aLa industria manufacturera en la ciudad de Córdoba
100 1 _aPalmieri, Horacio
700 1 _aColomé, Rinaldo A.
773 0 _tDesarrollo económico
_g- Vol. 5, Nº 17/19 T.2 (abr./dic. 1965)
_wREV1174
999 _c16018
_d16018